Loading...
| Literature - World | 0 | 6 | 0 | 1 | 60 | 108 | 121.50 | 2 | 4 | 0.00 | 0.00 |
| Literature - British | 0 | 6 | 0 | 1 | 60 | 69 | 103.83 | 0 | 1 | 0.00 | 0.00 |
| Philosophy | 0 | 5 | 1 | 2 | 45 | 105 | 120.60 | 0 | 2 | 0.00 | 0.00 |
| Literature - European | 0 | 4 | 0 | 1 | 40 | 23 | 106.50 | 1 | 1 | 0.00 | 0.00 |
| Literature - American | 0 | 4 | 1 | 2 | 35 | 133 | 140.50 | 0 | 0 | 0.00 | 0.00 |
| Fine Arts - Other | 0 | 3 | 0 | 0 | 30 | 104 | 119.33 | 0 | 0 | 0.00 | 0.00 |
| Religion | 0 | 3 | 1 | 2 | 25 | 105 | 132.67 | 0 | 1 | 0.00 | 0.00 |
| Social Science | 0 | 2 | 0 | 0 | 20 | 112 | 116.50 | 0 | 0 | 0.00 | 0.00 |
| Fine Arts - Classical Music | 0 | 2 | 0 | 0 | 20 | 124 | 130.50 | 0 | 0 | 0.00 | 0.00 |
| Fine Arts - Painting and Sculpture | 0 | 2 | 0 | 1 | 20 | 126 | 138.00 | 0 | 0 | 0.00 | 0.00 |
| History - World | 0 | 2 | 0 | 2 | 20 | 121 | 134.50 | 0 | 0 | 0.00 | 0.00 |
| Mythology | 0 | 3 | 2 | 1 | 20 | 97 | 119.33 | 0 | 0 | 0.00 | 0.00 |
| Science - Biology | 0 | 2 | 0 | 0 | 20 | 100 | 104.00 | 0 | 0 | 0.00 | 0.00 |
| History - American | 0 | 2 | 1 | 1 | 15 | 80 | 105.50 | 0 | 0 | 0.00 | 0.00 |
| History - European | 0 | 1 | 0 | 0 | 10 | 49 | 49.00 | 1 | 1 | 0.00 | 0.00 |
| Pop Culture | 0 | 1 | 0 | 0 | 10 | 64 | 64.00 | 0 | 1 | 0.00 | 0.00 |
| Current Events | 0 | 1 | 0 | 0 | 10 | 100 | 100.00 | 0 | 0 | 0.00 | 0.00 |
| Science - Chemistry | 0 | 1 | 0 | 1 | 10 | 110 | 110.00 | 0 | 0 | 0.00 | 0.00 |
| Science - Other | 0 | 1 | 0 | 1 | 10 | 132 | 132.00 | 0 | 1 | 0.00 | 0.00 |
| History - Other | 0 | 1 | 0 | 0 | 10 | 88 | 88.00 | 0 | 1 | 0.00 | 0.00 |
| Science - Physics | 0 | 1 | 0 | 0 | 10 | 111 | 111.00 | 0 | 0 | 0.00 | 0.00 |
| Other Academic | 0 | 1 | 1 | 0 | 5 | 37 | 37.00 | 1 | 1 | 0.00 | 0.00 |